| 000 | 02630nam a2200481 a 4500 | ||
|---|---|---|---|
| 001 | ebr10577731 | ||
| 003 | CaPaEBR | ||
| 006 | m u | ||
| 007 | cr cn||||||||| | ||
| 008 | 120210s2012 cauab sb 001 0 eng d | ||
| 010 | _z 2012003939 | ||
| 020 | _z9780520271890 (cloth alk. paper) | ||
| 020 | _z9780520271906 (paper alk. paper) | ||
| 020 | _z9780520954038 (e-book) | ||
| 040 |
_aCaPaEBR _cCaPaEBR |
||
| 035 | _a(OCoLC)799766255 | ||
| 043 | _aa-cc--- | ||
| 050 | 1 | 4 |
_aDS797.57.A698 _bP47 2012eb |
| 082 | 0 | 4 |
_a951.2/22 _223 |
| 100 | 1 | _aPerry, Elizabeth J. | |
| 245 | 1 | 0 |
_aAnyuan _h[electronic resource] : _bmining China's revolutionary tradition / _cElizabeth J. Perry. |
| 260 |
_aBerkeley : _bUniversity of California Press, _cc2012. |
||
| 300 |
_axv, 392 p. : _bill., maps. |
||
| 490 | 1 |
_aAsia--local studies/global themes ; _v24 |
|
| 500 | _a"A Philip E. Lilienthal book." | ||
| 504 | _aIncludes bibliographical references and index. | ||
| 505 | 0 | _aRehearsing Revolution -- Teaching Revolution : The Strike of 1922 -- "China's Little Moscow" -- From Mobilization to Militarization -- Constructing a Revolutionary Tradition -- Mao's Final Crusade : The Great Proletarian Cultural Revolution -- "Reforming" the Revolutionary Tradition -- Glossary. | |
| 533 |
_aElectronic reproduction. _bPalo Alto, Calif. : _cebrary, _d2013. _nAvailable via World Wide Web. _nAccess may be limited to ebrary affiliated libraries. |
||
| 650 | 0 |
_aCommunism _zChina _zAnyuan (Jiangxi Sheng : West) _xHistory _y20th century. |
|
| 650 | 0 |
_aRevolutions _xSocial aspects _zChina _zAnyuan (Jiangxi Sheng : West) _xHistory _y20th century. |
|
| 650 | 0 |
_aPolitical culture _zChina _zAnyuan (Jiangxi Sheng : West) _xHistory _y20th century. |
|
| 650 | 0 |
_aSocial change _zChina _zAnyuan (Jiangxi Sheng : West) _xHistory _y20th century. |
|
| 650 | 0 |
_aCoal miners _zChina _zAnyuan (Jiangxi Sheng : West) _xHistory _y20th century. |
|
| 650 | 0 |
_aLabor movement _zChina _zAnyuan (Jiangxi Sheng : West) _xHistory _y20th century. |
|
| 650 | 0 |
_aWorking class _zChina _zAnyuan (Jiangxi Sheng : West) _xHistory _y20th century. |
|
| 651 | 0 |
_aAnyuan (Jiangxi Sheng, China : West) _xPolitics and government _y20th century. |
|
| 651 | 0 |
_aAnyuan (Jiangxi Sheng, China : West) _xSocial conditions _y20th century. |
|
| 651 | 0 |
_aAnyuan (Jiangxi Sheng, China : West) _xEconomic conditions _y20th century. |
|
| 655 | 7 |
_aElectronic books. _2local |
|
| 710 | 2 | _aebrary, Inc. | |
| 830 | 0 |
_aAsia--local studies/global themes ; _v24. |
|
| 856 | 4 | 0 |
_uhttp://site.ebrary.com/lib/rucke/Doc?id=10577731 _zAn electronic book accessible through the World Wide Web; click to view |
| 999 |
_c189126 _d189126 |
||